[Event "ch-ISL"]
[Site "Reykjavik ISL"]
[Date "2007.08.02"]
[Round "6"]
[White "Thorfinnsson,Br"]
[Black "Thorhallsson,T"]
[Result "0-1"]
[WhiteElo "2389"]
[BlackElo "2461"]

1.d4 d5 2.c4 c6 3.Nc3 Nf6 4.e3 e6 5.Nf3 Nbd7 6.Qc2 Bd6 7.Bd2 O-O 8.cxd5 exd5
9.Bd3 Re8 10.O-O-O b5 11.e4 b4 12.e5 bxc3 13.Bxc3 Bf8 14.exf6 Nxf6 15.Ne5 c5
16.Kb1 c4 17.Bf5 Bxf5 18.Qxf5 Qb6 19.Rhe1 Bb4 20.Re3 Rab8 21.Qc2 Bxc3 22.Rxc3 Ne4
23.Rh3 Re7 24.Ka1 h6 25.Re3 Rc7 26.f3 Nd6 27.g4 Nb5 28.Qd2 c3 29.bxc3 Na3
30.Ree1 Rcb7 31.Qc1 Qb1+  0-1

[Event "GM"]
[Site "Dubna RUS"]
[Date "2007.08.03"]
[Round "2"]
[White "Golubenko,Valen"]
[Black "Papin,V"]
[Result "0-1"]
[WhiteElo "2316"]
[BlackElo "2415"]

1.Nf3 d5 2.d4 c6 3.c4 e6 4.e3 Nf6 5.Nc3 Nbd7 6.Bd3 dxc4 7.Bxc4 b5 8.Bd3 Bd6
9.e4 e5 10.d5 cxd5 11.Bxb5 d4 12.Bc6 Rb8 13.O-O O-O 14.Bg5 Qc7 15.Bxd7 Bxd7
16.Rc1 dxc3 17.Rxc3 Qb6 18.Bxf6 Bb5 19.Nh4 Bb4 20.Bxg7 Kxg7 21.Nf5+ Kh8 22.Rh3 Qg6
23.Rh6 Qg8 24.Qd5 f6 25.Rd1 Rbd8 26.Qxg8+ Kxg8 27.Rxd8 Rxd8 28.h3 Rf8 29.Rh4 Bd7
30.Rg4+ Kh8 31.Rg3 Bxf5 32.exf5 Rd8 33.Rb3 Bc5  0-1

[Event "Jihlavanka Cup GMB"]
[Site "Olomouc CZE"]
[Date "2007.08.03"]
[Round "3"]
[White "Mankeyev,Raua"]
[Black "Haznedaroglu,K"]
[Result "1/2-1/2"]
[WhiteElo "2402"]
[BlackElo "2440"]

1.d4 d5 2.c4 c6 3.Nf3 Nf6 4.e3 e6 5.Nc3 Nbd7 6.Bd3 dxc4 7.Bxc4 b5 8.Bd3 Bd6
9.Ng5 Bb7 10.Qf3 h6 11.Qh3 Qe7 12.O-O O-O 13.Nge4 b4 14.Nxd6 Qxd6 15.Ne4 Nxe4
16.Bxe4 f5 17.Bf3 Ba6 18.Rd1 Nf6 19.Bd2 Ne4 20.Rac1 Ng5 21.Qh5 Nxf3+ 22.Qxf3 Bb5
23.Rc5 a5 24.a3 bxa3 25.bxa3 Rfd8 26.Ra1 a4 27.Bb4 Qd7 28.Rac1 Qf7 29.h4  1/2-1/2

[Event "Proclient Cup IMA"]
[Site "Olomouc CZE"]
[Date "2007.08.03"]
[Round "4"]
[White "Wiley,To"]
[Black "Nilsson,S"]
[Result "1/2-1/2"]
[WhiteElo "2318"]
[BlackElo "2218"]

1.d4 d5 2.c4 e6 3.Nc3 c6 4.e3 Nf6 5.Nf3 Nbd7 6.Qc2 Bd6 7.Be2 O-O 8.O-O dxc4
9.Bxc4 b5 10.Bd3 Bb7 11.Bd2 a6 12.Ne4 Nxe4 13.Bxe4 f5 14.Bd3 c5 15.Qd1 e5
16.dxe5 Nxe5 17.Nxe5 Bxe5 18.Bc3 Bxc3  1/2-1/2

[Event "12th Open"]
[Site "Creon FRA"]
[Date "2007.08.04"]
[Round "8"]
[White "Swati,M"]
[Black "Delorme,L"]
[Result "1/2-1/2"]
[WhiteElo "2121"]
[BlackElo "2040"]

1.d4 d5 2.c4 c6 3.Nf3 Nf6 4.Nc3 e6 5.e3 Nbd7 6.Qc2 Bd6 7.Be2 O-O 8.O-O dxc4
9.Bxc4 a6 10.Rd1 b5 11.Be2 Qc7 12.e4 e5 13.g3 Re8 14.a3 Bb7 15.dxe5 Nxe5
16.Bg5 Nxf3+ 17.Bxf3 Be5 18.Bxf6 gxf6 19.Rac1 Qb6 20.Bg4 Bc8 21.Bxc8 Raxc8
22.Rd2 Rcd8 23.Rcd1 Rxd2 24.Qxd2 Kg7 25.Ne2 Bb8 26.Nd4 Rxe4 27.Nf5+ Kg6 28.Nh4+ Kg7
29.Qd3 Re5 30.Nf5+ Kg6 31.Nh4+ Kg7 32.Nf5+ Kg6 33.Nh4+  1/2-1/2

[Event "Open"]
[Site "Dubna RUS"]
[Date "2007.08.05"]
[Round "3"]
[White "Miroshkin,D"]
[Black "Malinevsky,N"]
[Result "1-0"]
[WhiteElo "2030"]
[BlackElo "1840"]

1.d4 d5 2.c4 c6 3.Nc3 Nf6 4.Nf3 e6 5.e3 Nbd7 6.Qc2 Be7 7.b3 O-O 8.Bd3 Re8
9.O-O Bd6 10.Bb2 e5 11.cxd5 exd4 12.dxc6 dxc3 13.cxd7 Bxd7 14.Qxc3 Bc6 15.Nd4 Rc8
16.Qd2 Qc7 17.h3 b6 18.Nxc6 Qxc6 19.Qe2 Qc7 20.Bxf6 gxf6 21.Bf5 Rcd8 22.Rac1 Qe7
23.Qh5 Qe5 24.g3 Kf8 25.Rc4 Qa5 26.Qh6+ Ke7 27.Re4+ Be5 28.f4  1-0

[Event "Open"]
[Site "Kavala GRE"]
[Date "2007.08.05"]
[Round "2"]
[White "Chigladze,I"]
[Black "Kotanjian,T"]
[Result "0-1"]
[WhiteElo "2341"]
[BlackElo "2559"]

1.d4 d5 2.c4 c6 3.Nf3 Nf6 4.Nc3 e6 5.e3 Nbd7 6.Bd3 dxc4 7.Bxc4 b5 8.Bd3 a6
9.e4 c5 10.e5 cxd4 11.Nxb5 axb5 12.exf6 gxf6 13.O-O Qb6 14.Bf4 Bb7 15.Re1 Bb4
16.Nd2 h5 17.h4 Rg8 18.Bg3 Nc5 19.Bf1 Rd8 20.Rc1 d3 21.Kh2 Rg4 22.f3 Rxg3
23.Kxg3 Qd6+ 24.Kh3 Ke7 25.a3 Rg8 26.g4 Bxf3  0-1

[Event "Liepajas Rokade Super"]
[Site "Liepaja LAT"]
[Date "2007.08.05"]
[Round "13"]
[White "Azmaiparashvili,Z"]
[Black "Sveshnikov,E"]
[Result "1/2-1/2"]
[WhiteElo "2606"]
[BlackElo "2504"]

1.c4 e6 2.d4 d5 3.Nf3 Nf6 4.Nc3 c6 5.e3 Nbd7 6.Qc2 Bd6 7.Be2 O-O 8.O-O Re8
9.Rd1 Qe7 10.h3 h6 11.e4 Nxe4 12.Nxe4 dxe4 13.Qxe4 e5 14.dxe5 Nxe5 15.Be3 Nxf3+
16.Bxf3 Qxe4 17.Bxe4  1/2-1/2

[Event "Open"]
[Site "Olomouc CZE"]
[Date "2007.08.05"]
[Round "5"]
[White "Gumula,D"]
[Black "Pacher,M"]
[Result "1-0"]
[WhiteElo "2387"]
[BlackElo "2255"]

1.d4 d5 2.c4 c6 3.Nc3 Nf6 4.Nf3 e6 5.e3 Nbd7 6.Qc2 Bd6 7.Bd3 O-O 8.O-O e5
9.cxd5 cxd5 10.e4 dxe4 11.Nxe4 Nxe4 12.Bxe4 h6 13.Be3 exd4 14.Bxd4 Nf6 15.Bf5 Be7
16.Rfe1 Re8 17.Rad1 Qa5 18.Bd3 Bg4 19.Re5 Qxa2 20.Bc3 Bxf3 21.gxf3 Rac8 22.Bb5 Red8
23.Rxe7 Nd5 24.Re2 a6 25.Ba4 Nxc3 26.bxc3 Rxd1+ 27.Qxd1 Qa3 28.Re3 b5 29.Bc2 Qc5
30.Qd7 g6 31.Bb3 Rf8 32.f4 a5 33.Re8 Kg7 34.Rxf8 Qxf8 35.Qxb5  1-0

[Event "Valoz Cup GMA"]
[Site "Olomouc CZE"]
[Date "2007.08.05"]
[Round "6"]
[White "Maslak,K"]
[Black "Zawadzka,J"]
[Result "1/2-1/2"]
[WhiteElo "2548"]
[BlackElo "2354"]

1.d4 d5 2.c4 c6 3.Nf3 e6 4.e3 Nf6 5.Nc3 Nbd7 6.Qc2 Bd6 7.g4 h6 8.Rg1 e5 9.h4 e4
10.Nd2 g5 11.h5 Nb8 12.Be2 Be6 13.c5 Bc7 14.b4 Qc8 15.Qd1 a6 16.Nb3 O-O 17.a4 Nh7
18.Bb2 f5 19.gxf5 Bxf5 20.b5 axb5 21.axb5 Rxa1 22.Qxa1 Nd7 23.b6 Bb8 24.Qa8 Rf7
25.Na5 Ndf8 26.Kd2 Ne6 27.Na2 Nd8 28.Nb4 Bh2 29.Qxc8 Bxc8 30.Rg2 Bb8 31.Ke1 Kf8
32.Bd1 Nf6 33.Rg1 g4 34.Rh1 Rg7 35.Kd2 Rg5 36.Ba4 Rxh5 37.Rxh5 Nxh5 38.Bxc6 bxc6
39.Naxc6 Nxc6 40.Nxc6 g3 41.fxg3 Bxg3 42.Nb4 Nf6 43.c6 h5 44.b7 Bxb7 45.cxb7 h4
46.Nc6 Nd7 47.Ke2 Kf7 48.Bc3 Nb8 49.Ne5+ Ke6 50.Be1 Kd6 51.Bxg3 hxg3 52.Ng6 Kc7
53.Nf4 Nd7 54.Nxd5+ Kxb7 55.Kf1 Kc6 56.Nc3 Nf6 57.Kg2 Ng4 58.Nd1 Kd5 59.Kxg3 Nxe3  1/2-1/2

[Event "Proclient Cup IMA"]
[Site "Olomouc CZE"]
[Date "2007.08.05"]
[Round "7"]
[White "Chytilek,R"]
[Black "Tuma,J"]
[Result "1/2-1/2"]
[WhiteElo "2396"]
[BlackElo "2292"]

1.c4 e6 2.Nc3 d5 3.d4 c6 4.e3 Nf6 5.Nf3 Nbd7 6.Bd3 dxc4 7.Bxc4 b5 8.Bd3 Bd6
9.O-O O-O 10.e4 e5 11.Bg5 exd4 12.Nxd4 Ne5 13.Bc2 Bg4 14.f3 Bc5  1/2-1/2

[Event "Arctic Chess Challenge"]
[Site "Tromso NOR"]
[Date "2007.08.05"]
[Round "2"]
[White "Epishin,V"]
[Black "Lahlum,H"]
[Result "1-0"]
[WhiteElo "2587"]
[BlackElo "2214"]

1.d4 d5 2.c4 e6 3.Nc3 c6 4.e3 Nf6 5.Nf3 Nbd7 6.a3 Bd6 7.g4 O-O 8.g5 Nh5 9.Bd2 Qe7
10.Rg1 g6 11.e4 e5 12.cxd5 exd4 13.Nxd4 cxd5 14.Be3 dxe4 15.Nf5 gxf5 16.Qxh5 Qe5
17.O-O-O Bc5 18.Bc4 Bxe3+ 19.fxe3 Kh8 20.g6 fxg6 21.Rxg6 Nf6 22.Qh6 Qe7 23.Rdg1 Ng4
24.R1xg4 fxg4 25.Nd5 Qf7 26.Rf6  1-0

[Event "KRK WGM"]
[Site "Dobrinj CRO"]
[Date "2007.08.06"]
[Round "2"]
[White "Kostiuk,T"]
[Black "Solic,K"]
[Result "1/2-1/2"]
[WhiteElo "2241"]
[BlackElo "2154"]

1.d4 d5 2.c4 c6 3.Nf3 e6 4.e3 Nf6 5.Nc3 a6 6.c5 b6 7.cxb6 Nbd7 8.Bd2 a5 9.Rc1 Qxb6
10.Na4 Qc7 11.Qc2 Bb7 12.Bd3 Be7 13.O-O Ba6 14.Ne1 Bxd3 15.Nxd3 Rc8 16.Qc3 Bd8
17.f3 O-O 18.Be1 Qa7 19.Bg3 Be7 20.Rc2 Nb6 21.Nxb6 Qxb6 22.Rfc1 Nd7 23.Qb3 Qa6
24.Rc3 a4 25.Qc2 Qb5 26.Ne5 Nxe5 27.Bxe5 Bb4 28.Rd3 Rfd8 29.a3 Bd6 30.Bxd6 Rxd6
31.b4 axb3 32.Rxb3 Qa6 33.Qc5 Rdd8 34.Kf2 g6 35.Rb6 Qa4 36.Qb4 Ra8 37.Qxa4 Rxa4
38.Rc3 Rda8 39.Rbb3 Kg7 40.Ke2 h5 41.Kd2 Kf6 42.Kc2 R4a6 43.Kb2 g5 44.Rb7 g4
45.f4 h4 46.Ka2 Rc8 47.Kb3 Rca8 48.Ka2 Rc8 49.Kb3 Rca8 50.Ka2  1/2-1/2

[Event "Open"]
[Site "Dubna RUS"]
[Date "2007.08.06"]
[Round "4"]
[White "Zuzin,V"]
[Black "Volkov,E"]
[Result "1-0"]
[WhiteElo "2265"]
[BlackElo "2184"]

1.d4 d5 2.c4 c6 3.Nf3 Nf6 4.Nc3 e6 5.e3 Nbd7 6.Bd3 dxc4 7.Bxc4 b5 8.Bd3 Bb7
9.e4 b4 10.Na4 c5 11.e5 Nd5 12.O-O cxd4 13.Re1 g6 14.h4 Bg7 15.Re4 Qa5 16.a3 O-O
17.Bd2 Nc5 18.axb4 Nxb4 19.Bxb4 Qxb4 20.Rxd4 Bxf3 21.Rxb4 Bxd1 22.Nxc5 Rac8
23.Nd7 Rfd8 24.Rxa7 Rc1 25.Kh2 h5 26.f4 Bh6 27.Kg3 Kg7 28.Rc4 Rxc4 29.Bxc4 Bg4
30.Ba6 Bd1 31.b4 Ba4 32.Nc5  1-0

[Event "Open"]
[Site "Dubna RUS"]
[Date "2007.08.06"]
[Round "5"]
[White "Miroshkin,D"]
[Black "Leonidov,Vl2"]
[Result "1-0"]
[WhiteElo "2030"]
[BlackElo "2171"]

1.Nf3 d5 2.d4 Nf6 3.c4 e6 4.Nc3 c6 5.e3 Nbd7 6.Qc2 Bd6 7.Be2 O-O 8.O-O dxc4
9.Bxc4 b5 10.Bd3 a6 11.e4 e5 12.Bg5 Bb7 13.dxe5 Nxe5 14.Nxe5 Bxe5 15.f4 Bd4+
16.Kh1 h6 17.Bh4 g5 18.Bf2 Bxf2 19.Rxf2 Ng4 20.Rf3 c5 21.Rd1 Qc7 22.h3 c4
23.Nd5 Qd6 24.Bf1 h5 25.e5 Qe6 26.Nc7 Qc8 27.Nd5 Qc5 28.b4 Qa7 29.hxg4 hxg4
30.Nf6+  1-0

[Event "12th WY U16 Ol"]
[Site "Singapore SIN"]
[Date "2007.08.06"]
[Round "2"]
[White "Illingworth,M"]
[Black "Firat,B"]
[Result "1/2-1/2"]
[WhiteElo "2137"]
[BlackElo "2113"]

1.d4 d5 2.c4 c6 3.Nc3 Nf6 4.e3 e6 5.Nf3 Nbd7 6.Qc2 Bd6 7.g4 dxc4 8.Bxc4 e5
9.Bd2 exd4 10.Nxd4 Ne5 11.Be2 Bxg4 12.f4 Ng6 13.Bxg4 Nxg4 14.Nf5 O-O 15.Ne4 Be7
16.O-O-O Qc8 17.Nxe7+ Nxe7 18.h3 Nh6 19.Bb4 Nhf5 20.Ng5 c5 21.Bxc5 b6 22.Bxe7 Nxe7
23.Qxc8 Raxc8+ 24.Kb1  1/2-1/2

[Event "12th WY U16 Ol"]
[Site "Singapore SIN"]
[Date "2007.08.06"]
[Round "2"]
[White "Tanaka,C"]
[Black "Dole,A"]
[Result "1-0"]
[WhiteElo "2114"]
[BlackElo "1760"]

1.d4 d5 2.c4 c6 3.Nc3 Nf6 4.e3 e6 5.Nf3 Nbd7 6.Qc2 Bd6 7.g4 Nxg4 8.Rg1 Qf6
9.Rxg4 Qxf3 10.Rxg7 Nf8 11.Rg1 Bxh2 12.Be2 Qf6 13.Rh1 Bd6 14.e4 dxe4 15.Nxe4 Bb4+
16.Kf1 Qxd4 17.Be3 Qe5 18.Rd1 f5 19.Bh5+ Ng6 20.Ng5 Qf6 21.f4 Ke7 22.Qd3 e5
23.Bxg6 hxg6 24.Rh7+  1-0

[Event "6th Int Open"]
[Site "Davos SUI"]
[Date "2007.08.07"]
[Round "2"]
[White "Milovic,J"]
[Black "Erdos,V"]
[Result "0-1"]
[WhiteElo "2262"]
[BlackElo "2523"]

1.d4 e6 2.c4 d5 3.Nc3 c6 4.e3 Nf6 5.Nf3 Nbd7 6.Qc2 Bd6 7.g4 h6 8.Rg1 e5 9.cxd5 cxd5
10.dxe5 Nxe5 11.Nxe5 Bxe5 12.g5 hxg5 13.Rxg5 Qe7 14.f4 Bd6 15.Bd2 Kf8 16.O-O-O Rxh2
17.Bd3 d4 18.exd4 Bg4 19.Rg1 Rc8 20.Kb1 Bxf4 21.Bxf4 Rxc2 22.Bxc2 Qb4 23.R5xg4 Nxg4
24.Rxg4 Rxc3 25.Bd6+ Qxd6 26.bxc3 Qb6+ 27.Bb3 Qb5 28.Rg1 a5 29.Kc1 a4 30.Bc2 Qc4
31.Kb2 a3+ 32.Kxa3 Qxc3+ 33.Bb3 Qxd4 34.Rd1 Qc5+ 35.Kb2 Qf2+ 36.Kc3 g5 37.Bc4 Qe3+
38.Kb4 g4 39.Rd7 Qb6+ 40.Ka3 Qf2 41.Rxb7 g3  0-1

[Event "Open"]
[Site "Kavala GRE"]
[Date "2007.08.07"]
[Round "4"]
[White "Shavtvaladze,N"]
[Black "Graf,A"]
[Result "1/2-1/2"]
[WhiteElo "2386"]
[BlackElo "2595"]

1.d4 d5 2.c4 e6 3.Nc3 c6 4.e3 Nf6 5.Nf3 Nbd7 6.Qc2 b6 7.b3 Bb7 8.Bb2 Bd6
9.Be2 O-O 10.O-O Re8 11.e4 e5 12.dxe5 Nxe5 13.exd5 cxd5 14.Nxd5 Nxd5 15.cxd5 Bxd5
16.Bxe5 Bxe5 17.Rad1 Bf6 18.Bb5 Re6 19.Bc4 Rd6 20.Qd3 Bxc4 21.Qxd6 Qxd6 22.Rxd6 Bxf1
23.Kxf1 Rc8 24.Ke2 Kf8 25.Rd7 Rc2+ 26.Rd2 Rc7 27.Nd4 Rc5 28.Nc2 Bg5 29.Ne3 Bxe3
30.Kxe3 Ke7 31.h4 h5 32.Kd4 Kd6 33.Re2 b5 34.g3 a5 35.Kd3 Rd5+ 36.Kc2 Re5
37.Rd2+ Kc5 38.a3 g6 39.Kc3 b4+ 40.axb4+ axb4+ 41.Kc2 Re4 42.f3 Re5 43.f4 Re3
44.Rd3 Rxd3 45.Kxd3 Kd5 46.Ke3 Ke6 47.Ke4 Kf6 48.Ke3 Kf5 49.Kf3 Ke6 50.Ke4 Kf6
51.Ke3  1/2-1/2

[Event "Arctic Chess Challenge"]
[Site "Tromso NOR"]
[Date "2007.08.07"]
[Round "4"]
[White "Dworakowska,J"]
[Black "Thomassen,J"]
[Result "0-1"]
[WhiteElo "2320"]
[BlackElo "2075"]

1.d4 d5 2.c4 c6 3.Nc3 Nf6 4.Nf3 e6 5.e3 Nbd7 6.Qc2 Bd6 7.Be2 O-O 8.O-O dxc4
9.Bxc4 a6 10.a3 c5 11.dxc5 Bxc5 12.b4 Be7 13.Nd4 Qc7 14.Ba2 b5 15.Bb2 Bb7
16.Rac1 Rac8 17.Qe2 Qb8 18.Nb3 Ne5 19.Na5 Ba8 20.f4 Ng6 21.Nb3 Rfd8 22.Rf2 Nh4
23.Nd4 e5 24.fxe5 Qxe5 25.Nf3 Qh5 26.Nxh4 Qxh4 27.Rf4 Qg5 28.Rcf1 Bd6 29.Rxf6 gxf6
30.Nxb5 axb5 31.Bxf6 Qxg2+ 32.Qxg2+ Bxg2 33.Rf2 Be4 34.Bxd8 Rc1+ 35.Rf1 Bxh2+
36.Kf2 Rc2+ 37.Ke1 Rxa2 38.Bb6 Bg3+ 39.Kd1 Ra1+ 40.Ke2 Bd3+ 41.Kxd3 Rxf1  0-1

[Event "Open"]
[Site "Callao PER"]
[Date "2007.08.08"]
[Round "1"]
[White "Mamani,U"]
[Black "Salas,Cr"]
[Result "0-1"]
[WhiteElo "2153"]
[BlackElo "2412"]

1.d4 d5 2.c4 c6 3.Nc3 Nf6 4.Nf3 e6 5.e3 Nbd7 6.Be2 dxc4 7.Bxc4 b5 8.Bd3 Bb7
9.O-O a6 10.a4 b4 11.Ne4 c5 12.Nxf6+ Qxf6 13.Be2 cxd4 14.exd4 Bd6 15.a5 O-O
16.Qa4 Qd8 17.Bg5 Be7 18.Bxe7 Qxe7 19.Rac1 Rfc8 20.Rfd1 Qd6 21.Qb3 Rab8 22.Rc4 Bd5
23.Rxc8+ Rxc8 24.Qd3 Rc6 25.Ng5 Nf6 26.Bf3 h6 27.Ne4 Nxe4 28.Bxe4 Bxe4 29.Qxe4 Qd5
30.Qxd5 exd5 31.Kf1 Rc2 32.Re1 Rxb2 33.Re8+ Kh7 34.Ra8 b3 35.Rb8 Kg6 36.g4 Kg5
37.Kg2 Kxg4 38.Rb7 Kf4 39.Rxf7+ Ke4 40.Rxg7 Rc2 41.Rb7 b2 42.Rb4 Kd3  0-1

[Event "ch-AUT w"]
[Site "Tweng AUT"]
[Date "2007.08.08"]
[Round "5"]
[White "Mira,H"]
[Black "Froewis,A"]
[Result "1-0"]
[WhiteElo "2184"]
[BlackElo "1873"]

1.d4 d5 2.c4 e6 3.Nc3 Nf6 4.e3 c6 5.Nf3 Nbd7 6.Qc2 Bd6 7.g4 dxc4 8.Bxc4 h6
9.Rg1 c5 10.g5 hxg5 11.Nxg5 Qe7 12.Bxe6 fxe6 13.Qg6+ Kf8 14.Nxe6+ Qxe6 15.Qxg7+ Ke8
16.Qxh8+ Nf8 17.Nb5 b6 18.Nxd6+ Qxd6 19.Rg6  1-0

[Event "FSGM August"]
[Site "Budapest HUN"]
[Date "2007.08.09"]
[Round "4"]
[White "Kosic,D"]
[Black "Szabolcsi,J"]
[Result "1-0"]
[WhiteElo "2501"]
[BlackElo "2376"]

1.d4 d5 2.c4 c6 3.Nf3 Nf6 4.e3 e6 5.Nc3 Nbd7 6.Qc2 Bd6 7.b3 O-O 8.Be2 b6
9.O-O Bb7 10.Bb2 Rc8 11.e4 e5 12.exd5 cxd5 13.Nb5 Bb8 14.dxe5 Ne4 15.Rad1 dxc4
16.bxc4 Qe7 17.Bd3 Ndc5 18.Nd6 Bxd6 19.exd6 Qxd6 20.Be2 Qh6 21.Nd4 Qg6 22.f3 Nd6
23.Qxg6 hxg6 24.Nb3 Rfe8 25.Rf2 Na4 26.Bxg7 Kxg7 27.Rxd6 Ba6 28.Rd4 Nb2 29.Bf1 Nxc4
30.Re2 Rxe2 31.Bxe2 Rc7 32.Kf2 Kf6 33.h4 Ke7 34.g4 b5 35.Rd5 Na3 36.Nd4 Bb7
37.Re5+ Kf6 38.f4 a6 39.g5+ Kg7 40.f5 gxf5 41.Nxf5+ Kh7 42.Bd3 Rd7 43.Nd6+ Kg7
44.Ne8+ Kf8 45.Nf6 Rd8 46.h5 Nc4 47.Bxc4 bxc4 48.Rc5 Kg7 49.Rxc4 Rd2+ 50.Ke3 Rxa2
51.h6+ Kg6 52.Rh4 Ra3+ 53.Kd2 Ra2+ 54.Kc3  1-0

[Event "UTwente YM"]
[Site "Hengelo NED"]
[Date "2007.08.09"]
[Round "6"]
[White "Braun,A"]
[Black "Van Oosterom,C"]
[Result "1-0"]
[WhiteElo "2540"]
[BlackElo "2358"]

1.d4 d5 2.c4 c6 3.Nf3 e6 4.e3 Nf6 5.Nc3 Nbd7 6.Qc2 Bd6 7.b3 O-O 8.Bb2 e5
9.dxe5 Nxe5 10.O-O-O Bg4 11.Be2 Nxf3 12.gxf3 Bh5 13.f4 Bxe2 14.Nxe2 Qe7 15.Kb1 dxc4
16.Qxc4 Rad8 17.Rhg1 Ba3 18.Bd4 Qe4+ 19.Ka1 Be7 20.Ng3 Qd5 21.Qc2  1-0

[Event "It"]
[Site "Kemerovo RUS"]
[Date "2007.08.09"]
[Round "5"]
[White "Kljucharev,S"]
[Black "Malina,D"]
[Result "1/2-1/2"]
[WhiteElo "2320"]
[BlackElo "2242"]

1.Nf3 d5 2.d4 c6 3.c4 e6 4.e3 Nf6 5.Nc3 Nbd7 6.Bd3 dxc4 7.Bxc4 b5 8.Bd3 b4
9.Ne4 Be7 10.Nxf6+ Nxf6 11.O-O Bb7 12.e4 Nd7 13.Re1 O-O 14.Be3 c5 15.Rc1 Rc8
16.Qe2 Qb6 17.Red1 cxd4 18.Bxd4 Bc5 19.Bb5 Bc6 20.Bxc6 Rxc6 21.Bxc5 Rxc5
22.Rxc5 Nxc5 23.h3 h6 24.Qc4 Na4 25.Qc2 Qa6 26.Ne5 Rc8 27.Qd2 Qb7 28.Qf4 Nb6
29.Rd3 Qc7 30.g3 Qc1+ 31.Qxc1 Rxc1+ 32.Kg2 f6 33.Nf3 Rc4 34.Rd4 e5 35.Rxc4 Nxc4  1/2-1/2

[Event "5th Staunton Mem"]
[Site "London ENG"]
[Date "2007.08.09"]
[Round "3"]
[White "Sokolov,Iv NED"]
[Black "Van Wely,L"]
[Result "1/2-1/2"]
[WhiteElo "2666"]
[BlackElo "2680"]

1.d4 d5 2.c4 c6 3.Nc3 Nf6 4.Nf3 e6 5.e3 Nbd7 6.Bd3 dxc4 7.Bxc4 b5 8.Bd3 Bb7
9.O-O a6 10.a4 b4 11.Ne4 c5 12.Nxf6+ Qxf6 13.Re1 h6 14.Bc2 Rd8 15.a5 Bd6
16.h3 g5 17.Ba4 O-O 18.e4 Qg7 19.Bxd7 Rxd7 20.Qa4 Rfd8 21.Be3 g4 22.hxg4 Qxg4
23.dxc5 Bxe4 24.Qxb4 Be5 25.Bxh6 Bd4 26.Rxe4 Qxe4 27.Be3 e5 28.Bxd4 exd4
29.Re1 Qc2 30.Ne5 Re7 31.Nc6 Rxe1+ 32.Qxe1 d3 33.Nxd8 Qe2 34.Qf1 Qc2 35.Qe1 Qe2
36.Qf1 Qc2  1/2-1/2

[Event "Jihlavanka Cup GMB"]
[Site "Olomouc CZE"]
[Date "2007.08.09"]
[Round "11"]
[White "Lechtynsky,J"]
[Black "Tikkanen,H"]
[Result "1/2-1/2"]
[WhiteElo "2447"]
[BlackElo "2394"]

1.d4 d5 2.c4 e6 3.Nf3 c6 4.e3 Nf6 5.Nc3 Nbd7 6.Qc2 Bd6 7.b3 O-O 8.Be2 Re8
9.O-O e5 10.cxd5 cxd5 11.Nb5 Bb8 12.dxe5 Nxe5 13.Nxe5 Bxe5 14.Bb2 Bf5 15.Qxf5 Bxb2
16.Rad1 Be5 17.Bf3 Qa5 18.a4 a6 19.Nd4 Rac8 20.Ne2 Rc5 21.Qd3 g6 22.Rc1 Rec8
23.Rxc5 Rxc5 24.g3 Qb4 25.Rd1 b5 26.axb5 Rxb5 27.Nd4 Bxd4 28.Qxd4 Qxd4 29.Rxd4 Rxb3  1/2-1/2

[Event "ch-Euro Rapid Women"]
[Site "Predeal ROM"]
[Date "2007.08.09"]
[Round "8"]
[White "Sgircea,S"]
[Black "Doluhanova,E"]
[Result "1/2-1/2"]
[WhiteElo "2132"]
[BlackElo "2218"]

1.Nf3 d5 2.c4 c6 3.e3 Nf6 4.Nc3 e6 5.d4 Nbd7 6.Qc2 Bd6 7.b3 O-O 8.Bd3 e5
9.dxe5 Nxe5 10.Nxe5 Bxe5 11.Bb2 d4 12.exd4 Qxd4 13.O-O-O Qc5 14.Kb1 Be6 15.Rhe1 Bf4
16.Ne4 Nxe4 17.Bxe4 f5 18.Qc3 Bh6 19.Bc2 Rae8 20.Re3 Qe7 21.Rh3 Bg5 22.Qf3 h6
23.Qe2 f4 24.Qe4 Bf5 25.Qxe7 Bxc2+ 26.Kxc2 Rxe7 27.Rf3 Rfe8 28.Rd2 Re4 29.Bc3 a6
30.Rd7 R8e7 31.Rxe7 Rxe7 32.Kd3 Rd7+ 33.Kc2 Re7 34.Kd3 Rd7+ 35.Kc2  1/2-1/2

[Event "ch-Euro Rapid Women"]
[Site "Predeal ROM"]
[Date "2007.08.09"]
[Round "8"]
[White "Javakhishvili,L"]
[Black "Vajda,S"]
[Result "1/2-1/2"]
[WhiteElo "2460"]
[BlackElo "2410"]

1.c4 Nf6 2.d4 e6 3.Nf3 d5 4.Nc3 c6 5.e3 Nbd7 6.Qc2 Bd6 7.b3 O-O 8.Bb2 b6
9.Bd3 Bb7 10.O-O Qe7 11.cxd5 exd5 12.Rfe1 Ba3  1/2-1/2

[Event "HZ Open"]
[Site "Vlissingen NED"]
[Date "2007.08.09"]
[Round "7"]
[White "Grooten,H"]
[Black "Sprangers,R"]
[Result "1-0"]
[WhiteElo "2370"]
[BlackElo "2191"]

1.d4 d5 2.c4 c6 3.Nf3 Nf6 4.Nc3 e6 5.e3 Nbd7 6.Qc2 Bd6 7.Be2 O-O 8.O-O Qe7
9.Rd1 h6 10.a3 Re8 11.h3 dxc4 12.Bxc4 e5 13.Ba2 e4 14.Nd2 Nb6 15.Nf1 h5 16.Re1 Nh7
17.Ng3 Ng5 18.h4 Bxg3 19.hxg5 Bc7 20.g6 Bf5 21.gxf7+ Kh8 22.fxe8=Q+ Rxe8
23.Ne2 Qd6 24.Ng3 Bg4 25.Qc5 Qg6 26.Bb1 h4 27.Nxe4  1-0

[Event "Open"]
[Site "Dubna RUS"]
[Date "2007.08.10"]
[Round "11"]
[White "Lugovoy,D"]
[Black "Leonidov,Vl2"]
[Result "0-1"]
[WhiteElo "2010"]
[BlackElo "2171"]

1.d4 d5 2.c4 c6 3.Nf3 Nf6 4.e3 e6 5.Nc3 Nbd7 6.Qc2 a6 7.b3 Be7 8.Bd3 O-O
9.O-O dxc4 10.bxc4 c5 11.d5 exd5 12.Nxd5 Nxd5 13.cxd5 h6 14.a4 b6 15.e4 Qe8
16.Bb2 Bf6 17.Bxf6 Nxf6 18.d6 Qd8 19.e5 Nd5 20.Bh7+ Kh8 21.Be4 Nb4 22.Qc3 Rb8
23.a5 f5 24.Bc2 Nxc2 25.Qxc2 Be6 26.axb6 Qxb6 27.Qa4 Qb5 28.Rfc1 Ra8 29.h3 Rfb8
30.Qc2 c4 31.Rcb1 Qc5 32.Qc3 Rxb1+ 33.Rxb1 a5 34.Rb7 a4 35.Re7 Qd5 36.Nd4 Bg8
37.Nxf5 Qd3 38.Qxd3 cxd3 39.d7 Rd8 40.e6 a3 41.Re8 a2 42.e7 a1=Q+ 43.Kh2 Qe5+
44.Kg1 Rxd7 45.f4  0-1

[Event "5th Staunton Mem"]
[Site "London ENG"]
[Date "2007.08.10"]
[Round "4"]
[White "Werle,J"]
[Black "Van Wely,L"]
[Result "0-1"]
[WhiteElo "2552"]
[BlackElo "2680"]

1.d4 Nf6 2.c4 e6 3.Nf3 d5 4.Nc3 c6 5.e3 Nbd7 6.Bd3 dxc4 7.Bxc4 b5 8.Be2 Bb7
9.e4 b4 10.e5 bxc3 11.exf6 Nxf6 12.bxc3 Bd6 13.O-O O-O 14.Bg5 c5 15.dxc5 Bxc5
16.Qa4 h6 17.Rad1 Qe7 18.Bh4 Rfd8 19.Ne5 Qc7 20.Bxf6 gxf6 21.Nd7 Be7 22.Rd3 Kh7
23.Rfd1 Qc6 24.Qxc6 Bxc6 25.c4 Rac8 26.g3 Ba4 27.R1d2 Kh8 28.Kg2 Rc7 29.Nc5 Rxd3
30.Nxd3 Rxc4 31.Nb2 Bc6+ 32.Bf3 Bxf3+ 33.Kxf3 Rc7 34.Nd3 Rc3 35.Ke2 Kg7 36.Rb2 Ra3
37.Nc1 Bc5 38.Rb5 Bb6 39.Rb2 f5 40.Rc2 Kf6 41.Rc4 Ra5 42.Rc2 Ra4 43.Nd3 Ke7
44.Nf4 Re4+ 45.Kf3 Kd6 46.Ng2 Ra4 47.Ne3 Ra3 48.Kf4 Bxe3+ 49.fxe3 Ra4+ 50.Kf3 Ke7
51.Rb2 Kf6 52.Rc2 h5 53.h4 a5 54.Rb2 Rb4 55.Rc2 a4 56.Rd2 Rc4 57.Rb2 e5 58.Rb6+ Kg7
59.Ra6 f6 60.a3 Kg6 61.Ke2 f4  0-1

[Event "Arctic Chess Challenge"]
[Site "Tromso NOR"]
[Date "2007.08.10"]
[Round "7"]
[White "Carlsen,H"]
[Black "Porper,E"]
[Result "0-1"]
[WhiteElo "2089"]
[BlackElo "2474"]

1.d4 d5 2.c4 c6 3.Nc3 Nf6 4.Nf3 e6 5.e3 Nbd7 6.Bd3 dxc4 7.Bxc4 b5 8.Bd3 Bd6
9.O-O O-O 10.e4 e5 11.Bg5 a6 12.Kh1 h6 13.Bh4 g5 14.Bg3 Qe7 15.Qd2 Nh5 16.Ne2 f6
17.dxe5 fxe5 18.Rfd1 Rf6 19.Nxg5 hxg5 20.Qxg5+ Ng7 21.Bh4 Re6 22.Qg3 Qf7
23.Bc2 c5 24.a4 Rg6 25.Qe3 b4 26.Rd5 c4 27.Rad1 Ne8 28.f4 exf4 29.Qd4 f3
30.Ng3 fxg2+ 31.Kxg2 Bxg3 32.hxg3 Ndf6 33.Rf1 Be6 34.Rd8 Rxd8 35.Qxd8 Qd7
36.Qxd7 Nxd7 37.Rf4 Ne5 38.Kf1 Rg7 39.Ke2 Bg4+  0-1

[Event "Arctic Chess Challenge"]
[Site "Tromso NOR"]
[Date "2007.08.10"]
[Round "7"]
[White "Thingstad,E"]
[Black "Jessen,S"]
[Result "1-0"]
[WhiteElo "1893"]
[BlackElo "2070"]

1.c4 Nf6 2.Nc3 c6 3.d4 d5 4.Nf3 e6 5.e3 Nbd7 6.Bd3 dxc4 7.Bxc4 b5 8.Bd3 a6
9.e4 b4 10.e5 bxc3 11.exf6 Nxf6 12.bxc3 Bd6 13.Bg5 Qa5 14.O-O O-O 15.Qe2 Nd5
16.c4 Nf4 17.Bxf4 Bxf4 18.Qe4 Qf5 19.Ne5 Bxe5 20.dxe5 Rb8 21.Qd4 Qg5 22.Qd6 Rb2
23.Bxh7+  1-0

[Event "ch-AUT w"]
[Site "Tweng AUT"]
[Date "2007.08.10"]
[Round "7"]
[White "Mira,H"]
[Black "Hackbarth,C"]
[Result "1-0"]
[WhiteElo "2184"]
[BlackElo "1915"]

1.d4 d5 2.c4 e6 3.Nc3 Nf6 4.Nf3 c6 5.e3 Be7 6.Bd3 b6 7.cxd5 cxd5 8.Ne5 Qc7
9.Bd2 a6 10.Rc1 Qb7 11.O-O Nbd7 12.f4 Nf8 13.Qe2 Ng6 14.e4 dxe4 15.Nxe4 Nd5
16.f5 Nxe5 17.dxe5 O-O 18.f6 Bb4 19.fxg7 Rd8 20.Bxb4 Nxb4 21.Nf6+ Kxg7 22.Qg4+ Kf8
23.Qxb4+  1-0

[Event "ch-AUT"]
[Site "Tweng AUT"]
[Date "2007.08.10"]
[Round "7"]
[White "Pilaj,H"]
[Black "Dietmayer Kraeutler,M"]
[Result "1-0"]
[WhiteElo "2388"]
[BlackElo "2311"]

1.d4 d5 2.c4 e6 3.Nf3 Nf6 4.Nc3 c6 5.e3 Nbd7 6.Qc2 Be7 7.b3 O-O 8.Bd3 Re8
9.O-O b6 10.e4 dxe4 11.Nxe4 Bb7 12.Neg5 h6 13.Bh7+ Kf8 14.Nxf7 Kxf7 15.Qg6+ Kf8
16.Bxh6 Nh5 17.Qxh5 Bf6 18.Bf4 Bxd4 19.Bd6+  1-0